000 00802nam a2200265 a 4500
001
003 DO-SdBNP
005 20211102090306.0
008 130305s2012 dr 000 f spa d
020 _a9789945164770
040 _aDO-SdBNP
_bspa
_cBPMSU
082 _aRD863.5
_bB483a 2012
_222
100 1 _aBeras, Vicente
_d1967-
245 1 0 _aAmor en las redes /
_cVicente Beras.
_b
246 1 4 _aAmor en las redes :
_blas redes sociales y el corazón
260 _aSanto Domingo :
_bBúho,
_c2012.
300 _a121 p. ;
_c22 cm.
500 _aIncluye datos biográficos del autor en las solapas
590 _aInventariado, 2021/VM
650 4 _aNovela dominicana
650 4 _aLiteratura dominicana
650 4 _aRedes sociales en línea
_vNovela
910 _aVMateo V.
942 _2ddc
_cBK
999 _c13828
_d13828